00453nam a2200157 a 450000100100000000500170001000800410002704000250006808200200009310000250011324500480013826000380018630000210022465000230024565000270026800001316020240412074237.0091120s1968 dr r 000 j spa d aDO-SdBNPbspacBNPHU aRD863.44bS994g1 aSuero, Angel Augusto13aEl gato boca arriba /cAngel Augusto Suero. aSanto Domingo :bMontalvo,c1968. a131 p. ;c22 cm. 4aCuentos dominicano 0aLiteratura dominicana.